| 000 | 00444 a2200145 4500 | ||
|---|---|---|---|
| 005 | 20250621081848.0 | ||
| 020 | _a0 521 80826 X | ||
| 082 | _aTEA LM 530 JAM | ||
| 100 | _aJAMES, J. F. | ||
| 245 | _aA Students Guide to Fourier Transforms : With Applications in Physics and Engineering. | ||
| 250 | _a2nd Ed | ||
| 260 |
_aCape Town, _bCambridge University Press, _c2002. |
||
| 300 |
_aix,135p.: Ill.; figure. _bIndex _c26cm. |
||
| 942 |
_2ddc _cBKS |
||
| 999 |
_c3144 _d3144 |
||